000 00556nam a22002297a 4500
003 UA-OsUOA
001 30054
007 ta
008 20041103b un ||||| |||| 00| 0 ukr d
090 _a821.161.2
_bК32
942 _cBK
040 _aUA-OsUOA
_bukr
_cUA-OsUOA
_dUA-OsUOA
245 _aОповідання та повісті
300 _a579 с.
955 _a0
041 _aukr
080 _a821.161.2
260 _c1969
044 _aUA
650 7 _a82 Література. Літературознавство
_2UDC
999 _c316459
_d316459